| 000 | 01496nam a2200277 4500 | ||
|---|---|---|---|
| 005 | 20160425115616.0 | ||
| 008 | 160425s1854 sp |||fr|||| 001 pdspa d | ||
| 040 |
_aCO-BoUCM _bspa _cSandra Yazo _dSandra Yazo |
||
| 041 | 0 | _aspa | |
| 082 | 1 | 0 |
_220 _a861.4 |
| 092 | _aE39N046 | ||
| 100 | 1 |
_aGallego, Juan Nicasio _d1777-1853 _976833 |
|
| 245 | 1 | 0 |
_aObras poéticas _cde don Juan Nicasio Gallego ... públicadas por la misma académia |
| 260 |
_aMadrid (España) _bImprenta del Diccionario Universal del Derecho Español Constituido, _c1854 |
||
| 300 |
_axv, 281 páginas _c23 x 16 cm |
||
| 500 | _aDetalles físicos: Encuadernación rígida en cartón forrado en papel. Lomo en cuero con nervaduras sobre costura y adornos en dorado. Tapas con raspaduras en bordes. Guardas simulando papel de agua. Hoja de cortesía. Anteportada. Portada impresa en una sola tinta. Texto impreso en una sola columna. Márgenes amplios. Papel manchado | ||
| 505 | 0 | _aApuntes sobre la vida y escritura del autor ; Elegías ; Odas ; Epístolas ; Sonetos ; Poesías varias | |
| 506 | _aConsulta en sala | ||
| 600 | 1 |
_aGallego, Juan Nicasio _d1777-1853 _xColección de escritos _976834 |
|
| 650 | 7 |
_921809 _aPoesía española |
|
| 650 | 7 |
_97793 _aLiteratura española |
|
| 690 |
_aLiteratura europea _926524 |
||
| 710 | 1 |
_aReal Academia Española _936469 |
|
| 856 | 4 | 1 |
_uhttp://bibliotecadigital.jcyl.es/i18n/consulta/registro.cmd?id=1238 _zDisponible en línea |
| 942 |
_2LOCAL _cLIBRO _e1 _hE39N046 |
||
| 999 |
_c303289 _d303289 |
||